000
00270nam a2200109Ia 4500
008
200302s9999 xx 000 0 und d
100
_a
Lin Cotton
245
_a
How to Design & Build Decks & Patios
260
_b
Ortho Books Publishers
260
_c
1979
300
_a
111 P.,
999
_c
1745
_d
1745